[Event "Titled Tue 24th Jun Late"]
[Site "chess.com INT"]
[Date "2025.06.24"]
[Round "9"]
[White "Garcia Hernandez, Rebeca"]
[Black "Garcia Alvarez, Diego"]
[Result "0-1"]
[WhiteTitle "WCM"]
[WhiteElo "1904"]
[BlackElo "2124"]
[WhiteFideId "5180872"]
[BlackFideId "32094795"]
[EventDate "2025.06.24"]

1. Nf3 Nf6 2. g3 g6 3. Bg2 Bg7 4. O-O O-O 5. c4 d6 6. Nc3 e5 7. d4 Nbd7 8. Qc2
c6 9. Rd1 Qe7 10. e4 Re8 11. h3 exd4 12. Nxd4 Nc5 13. f3 a5 14. Be3 d5 15. cxd5
cxd5 16. Nb3 Nxb3 17. Qxb3 dxe4 18. Nxe4 Be6 19. Qc2 Nd5 20. Bf2 Rac8 21. Qe2
Nb4 22. Nd6 Red8 23. Nxc8 Rxc8 24. Rac1 Nc6 25. b3 h5 26. h4 Be5 27. f4 Bf6 28.
Kh2 Kg7 29. Bf3 Qc7 30. Kg2 a4 31. b4 Qe7 32. a3 Bb3 33. Qxe7 Nxe7 34. Rxc8 Nxc8 0-1

[Event "Titled Tue 24th Jun Late"]
[Site "chess.com INT"]
[Date "2025.06.24"]
[Round "9"]
[White "Vila Dupla, Aurelio"]
[Black "Pica, Eleni"]
[Result "1-0"]
[WhiteTitle "FM"]
[BlackTitle "WCM"]
[WhiteElo "2056"]
[BlackElo "1686"]
[WhiteFideId "2203383"]
[BlackFideId "5910005"]
[EventDate "2025.06.24"]

1. Nf3 Nf6 2. d4 d5 3. c4 e6 4. cxd5 exd5 5. Nc3 c6 6. Qc2 g6 7. Bg5 Bf5 8. Qb3
Bc8 9. e4 dxe4 10. Bc4 exf3 11. Bxf7+ Kd7 12. Qe6+ Kc7 13. Qxf6 Qxf6 14. Bxf6
fxg2 15. Rg1 Bh3 16. Bxh8 Bd6 17. Be5 Bxe5 18. dxe5 Nd7 19. e6 Ne5 20. O-O-O Nf3
21. e7 Nxg1 22. Rxg1 Bd7 23. Rxg2 Be8 24. Bg8 h6 25. Rg3 g5 26. Re3 b5 27. a3 a5
28. Ne4 b4 29. Nf6 bxa3 30. bxa3 Rb8 31. Nxe8+ Rxe8 32. Bf7 1-0

[Event "Titled Tue 24th Jun Late"]
[Site "chess.com INT"]
[Date "2025.06.24"]
[Round "9"]
[White "Haddouche, Mohamed"]
[Black "Williams, Justus"]
[Result "0-1"]
[WhiteTitle "GM"]
[BlackTitle "IM"]
[WhiteElo "2490"]
[BlackElo "2355"]
[WhiteFideId "7900660"]
[BlackFideId "2049929"]
[EventDate "2025.06.24"]

1. e4 e6 2. d3 c5 3. Nf3 Nc6 4. g3 g6 5. d4 cxd4 6. Nxd4 a6 7. c4 Bg7 8. Be3 Nf6
9. Nc3 d6 10. Bg2 O-O 11. O-O Bd7 12. h3 Rc8 13. b3 Nxd4 14. Bxd4 b5 15. cxb5 e5
16. Be3 Rxc3 17. bxa6 Bb5 18. Qd2 Rc6 19. Rfd1 Rxa6 20. a4 Qa8 21. Rac1 Bc6 22.
f3 d5 23. Bc5 Re8 24. Bf1 dxe4 25. Bxa6 Qxa6 26. Bf2 exf3 27. Qd6 Re6 28. Qd8+
Bf8 29. Bc5 Re8 30. Qxf6 Bxc5+ 31. Rxc5 Qe2 0-1

[Event "Titled Tue 24th Jun Late"]
[Site "chess.com INT"]
[Date "2025.06.24"]
[Round "9"]
[White "Fedoryshyn, Ievgenii"]
[Black "Gubajdullin, Alexei"]
[Result "0-1"]
[WhiteTitle "FM"]
[BlackTitle "FM"]
[WhiteElo "2278"]
[BlackElo "2233"]
[WhiteFideId "26095467"]
[BlackFideId "4141202"]
[EventDate "2025.06.24"]

1. d4 Nf6 2. c4 g6 3. Nc3 Bg7 4. e4 d6 5. Nf3 O-O 6. Be2 Na6 7. O-O c5 8. d5 e6
9. Bg5 h6 10. Bh4 g5 11. Bg3 Nh5 12. dxe6 Nxg3 13. exf7+ Rxf7 14. hxg3 g4 15.
Nh4 h5 16. Qd5 Be5 17. f4 Nc7 18. Qxf7+ Kxf7 19. fxe5+ Kg8 20. Rad1 Qg5 21. exd6
Ne6 22. d7 Bxd7 23. Rxd7 Nd4 24. Nd5 Nxe2+ 25. Kh2 Nxg3 26. Kxg3 Rf8 27. Ne7+
Kg7 28. Neg6+ Kh6 29. Rxf8 Qe3+ 30. Kh2 g3+ 31. Kh3 Qxe4 32. Nf5+ Kg5 33. Nxg3
Qg4+ 34. Kh2 Qxd7 35. Rf5+ Kxg6 0-1

[Event "Titled Tue 24th Jun Late"]
[Site "chess.com INT"]
[Date "2025.06.24"]
[Round "9"]
[White "Bongo Akanga Ndjila, Barthelemy"]
[Black "Suarez, Sebastian"]
[Result "0-1"]
[WhiteTitle "CM"]
[WhiteElo "1847"]
[BlackElo "2161"]
[WhiteFideId "10609431"]
[BlackFideId "30979080"]
[EventDate "2025.06.24"]

1. d4 c5 2. d5 d6 3. Nc3 g6 4. e4 Bg7 5. Nf3 Nf6 6. Nd2 O-O 7. Be2 Nbd7 8. O-O
a6 9. a4 Rb8 10. Kh1 Ne8 11. f4 Nc7 12. a5 b5 13. axb6 Rxb6 14. Nc4 Rb8 15. Na5
Bb7 16. Ra4 Nb6 17. Ra3 e6 18. dxe6 fxe6 19. Be3 Qd7 20. e5 Ncd5 21. Nxd5 Nxd5
22. Bf2 Rxf4 23. Nxb7 Qxb7 24. Rb3 Qc8 25. Rxb8 Qxb8 26. c3 Bxe5 27. Bxa6 Qxb2
28. Bg3 Ne3 29. Qe2 Qxe2 30. Bxe2 Rxf1+ 31. Bxf1 Nxf1 32. Bxe5 dxe5 33. Kg1 Ne3
34. Kf2 Nd1+ 0-1

[Event "Titled Tue 24th Jun Late"]
[Site "chess.com INT"]
[Date "2025.06.24"]
[Round "9"]
[White "Shymanskyi, Oleksandr"]
[Black "Bustelo, Tabare"]
[Result "1-0"]
[WhiteTitle "FM"]
[BlackTitle "CM"]
[WhiteElo "2218"]
[BlackElo "2043"]
[WhiteFideId "14168880"]
[BlackFideId "3000362"]
[EventDate "2025.06.24"]

1. b3 b6 2. Bb2 Bb7 3. e3 Nf6 4. f4 d6 5. Nf3 Nbd7 6. g3 e5 7. Bg2 e4 8. Nd4 d5
9. O-O c5 10. Ne2 g6 11. d3 exd3 12. cxd3 Bg7 13. e4 d4 14. Nd2 Ng4 15. Nc4 b5
16. Nd6+ Ke7 17. Nxb7 Qc7 18. Bc1 Qxb7 19. e5 Qb8 20. Bxa8 Qxa8 21. Nxd4 Ngxe5
22. fxe5 Bxe5 23. Bb2 cxd4 24. Qe2 Kd6 25. Rxf7 Qd5 26. Raf1 Re8 27. Qg4 Re6 28.
Ba3+ Kc6 29. Rc1+ Kb6 30. Qf3 Qxf3 31. Rxf3 a5 32. Rf7 Nf6 33. Bc5+ Kc6 34.
Bxd4+ Kd5 35. Bxe5 Kxe5 36. Re1+ Kd5 37. Rxe6 Kxe6 38. Ra7 a4 39. bxa4 bxa4 40.
Rxa4 1-0

[Event "Titled Tue 24th Jun Late"]
[Site "chess.com INT"]
[Date "2025.06.24"]
[Round "9"]
[White "Magana Morales, Roberto"]
[Black "Estrada Nieto, Julian"]
[Result "0-1"]
[BlackTitle "IM"]
[WhiteElo "1933"]
[BlackElo "2181"]
[WhiteFideId "5114454"]
[BlackFideId "5101018"]
[EventDate "2025.06.24"]

1. Nf3 d5 2. g3 Nf6 3. Bg2 Bf5 4. O-O e6 5. d4 h6 6. c4 c6 7. Nc3 Be7 8. Qb3 Qb6
9. c5 Qxb3 10. axb3 Na6 11. Ra4 g5 12. Be3 Nc7 13. Ne5 a6 14. b4 Nd7 15. f4 g4
16. Bd2 Nf6 17. Rfa1 Rc8 18. e3 h5 19. Kf2 Kf8 20. Re1 Kg7 21. e4 dxe4 22. Nxe4
Nxe4+ 23. Bxe4 Bxe4 24. Rxe4 Rcd8 25. Bc3 Nd5 26. Ra1 f5 27. Re2 Bf6 28. Rae1 h4
29. Kg2 Rh6 30. Rh1 Rdh8 31. Ree1 Bxe5 32. dxe5 hxg3 33. hxg3 Ne3+ 34. Rxe3 Rxh1 0-1

[Event "Titled Tue 24th Jun Late"]
[Site "chess.com INT"]
[Date "2025.06.24"]
[Round "9"]
[White "Salinas Herrera, Pablo"]
[Black "Rojas Alarcon, Julian Antonio"]
[Result "0-1"]
[WhiteTitle "GM"]
[BlackTitle "FM"]
[WhiteElo "2447"]
[BlackElo "2365"]
[WhiteFideId "3407128"]
[BlackFideId "5107407"]
[EventDate "2025.06.24"]

1. e4 c5 2. Nf3 d6 3. Bb5+ Bd7 4. Bxd7+ Qxd7 5. O-O Nf6 6. Qe2 Nc6 7. c3 e6 8.
d4 cxd4 9. cxd4 d5 10. e5 Ne4 11. Nbd2 Nxd2 12. Bxd2 Be7 13. h4 O-O 14. g3 f5
15. exf6 Bxf6 16. Bc3 h6 17. Rfe1 Rae8 18. Kg2 Bd8 19. Rad1 Rf5 20. Rd3 Bb6 21.
Re3 e5 22. Qd1 Ref8 23. R1e2 Qf7 24. Nxe5 Rxf2+ 25. Kh3 Nxe5 26. Rxe5 Qf3 27.
R5e3 Qg2+ 28. Kg4 R2f4+ 29. Kh5 Qh3 0-1

[Event "Titled Tue 24th Jun Late"]
[Site "chess.com INT"]
[Date "2025.06.24"]
[Round "9"]
[White "Arakelyan, Manvel"]
[Black "Smieszek, Wojciech"]
[Result "1-0"]
[WhiteTitle "FM"]
[BlackTitle "CM"]
[WhiteElo "2326"]
[BlackElo "2141"]
[WhiteFideId "13317415"]
[BlackFideId "1156047"]
[EventDate "2025.06.24"]

1. e4 c5 2. Nf3 g6 3. d4 cxd4 4. Qxd4 Nf6 5. Nc3 Nc6 6. Qa4 d6 7. e5 dxe5 8.
Nxe5 Bd7 9. Nxd7 Nxd7 10. Be2 Bg7 11. O-O O-O 12. Be3 Nb6 13. Qh4 Nd5 14. Nxd5
Qxd5 15. c3 Ne5 16. Qxe7 Rfe8 17. Qc5 Qe6 18. Rad1 b6 19. Qd5 Qf5 20. Bb5 Rf8
21. h3 Bf6 22. Bd7 Qh5 23. f4 Nxd7 24. Qxh5 gxh5 25. Rxd7 Rfe8 26. Kf2 Bh4+ 27.
Kf3 Re6 28. Rfd1 Rae8 29. R1d3 Bf6 30. Rxa7 b5 31. Rb7 Ra8 32. a3 b4 33. Rxb4
Be7 34. Rb5 h4 35. Re5 Rxe5 36. fxe5 Kg7 37. Rd7 Bd8 38. e6 1-0

[Event "Titled Tue 24th Jun Late"]
[Site "chess.com INT"]
[Date "2025.06.24"]
[Round "9"]
[White "Buchenau, Frank"]
[Black "Bold, Andre"]
[Result "0-1"]
[WhiteTitle "FM"]
[BlackTitle "CM"]
[WhiteElo "2205"]
[BlackElo "2235"]
[WhiteFideId "4604350"]
[BlackFideId "16208471"]
[EventDate "2025.06.24"]

1. e4 c5 2. g3 Nc6 3. Bg2 e5 4. Ne2 Nf6 5. O-O Be7 6. c3 O-O 7. d4 d6 8. d5 Nb8
9. c4 Re8 10. Nbc3 Nbd7 11. f4 exf4 12. gxf4 Bf8 13. Ng3 Nb6 14. b3 Bg4 15. Qd3
Nh5 16. Nxh5 Bxh5 17. Qh3 g6 18. e5 dxe5 19. f5 Nd7 20. Ne4 Bg7 21. f6 Bf8 22.
Be3 Rc8 23. Kh1 Be2 24. Rf2 Bd3 25. Ng3 Nxf6 26. Rd1 e4 27. Bg5 Be7 28. Qh4 Nxd5
29. Bxe7 Qxe7 30. Qxe7 Nxe7 31. Bxe4 Bxe4+ 32. Nxe4 Red8 33. Rxd8+ Rxd8 34. Nxc5
b6 35. Ne4 Nf5 0-1

[Event "Titled Tue 24th Jun Late"]
[Site "chess.com INT"]
[Date "2025.06.24"]
[Round "9"]
[White "Suarez, Pedro"]
[Black "Omariev, Maksim"]
[Result "0-1"]
[WhiteTitle "CM"]
[BlackTitle "FM"]
[WhiteElo "2066"]
[BlackElo "2304"]
[WhiteFideId "3007642"]
[BlackFideId "4193423"]
[EventDate "2025.06.24"]

1. d4 h5 2. c4 h4 3. h3 d6 4. Nc3 e5 5. dxe5 dxe5 6. Qxd8+ Kxd8 7. f4 Be6 8.
fxe5 Bxc4 9. Bg5+ Be7 10. O-O-O+ Kc8 11. Nf3 Nc6 12. Bxe7 Ngxe7 13. e4 Be6 14.
Bb5 Rh5 15. Nd5 Bxd5 16. exd5 Nxe5 17. Nxe5 Rxe5 18. Rhe1 Ng6 19. Rxe5 Nxe5 20.
Rd4 g5 21. Be2 Kd7 22. Kd2 Kd6 23. b4 a5 24. a3 axb4 25. axb4 f5 26. Ke3 Ra3+
27. Kf2 Rb3 28. Bd1 Rxb4 29. Rxb4 Nd3+ 30. Kf3 Nxb4 31. g3 hxg3 32. Kxg3 Nxd5
33. Bc2 Ke5 34. h4 gxh4+ 35. Kxh4 c5 36. Kg3 b5 37. Kf3 c4 38. Ke2 b4 0-1

[Event "Titled Tue 24th Jun Late"]
[Site "chess.com INT"]
[Date "2025.06.24"]
[Round "9"]
[White "Levano Loayza, Adriano Jaffet"]
[Black "Nalbandyan, Vahan"]
[Result "1-0"]
[WhiteTitle "CM"]
[BlackTitle "CM"]
[WhiteElo "2023"]
[BlackElo "2155"]
[WhiteFideId "3865584"]
[BlackFideId "13309439"]
[EventDate "2025.06.24"]

1. d4 Nf6 2. c4 c5 3. d5 b5 4. Qc2 g6 5. e4 d6 6. Nf3 Bg7 7. Be2 O-O 8. O-O b4
9. h3 a5 10. Bf4 Nbd7 11. Nbd2 a4 12. Rae1 Re8 13. Bh2 Qb6 14. e5 dxe5 15. Nxe5
Nxe5 16. Bxe5 Bf5 17. Bd3 Bxd3 18. Qxd3 Rad8 19. Qf3 Qa6 20. d6 Kf8 21. Re2 Nh5
22. Bxg7+ Nxg7 23. dxe7+ Rxe7 24. Rxe7 Kxe7 25. Ne4 Ne6 26. Qf6+ Ke8 27. Ng5 Rd7
28. Re1 Re7 29. Nxf7 Qc6 30. Ne5 1-0

[Event "Titled Tue 24th Jun Late"]
[Site "chess.com INT"]
[Date "2025.06.24"]
[Round "9"]
[White "Moeller, Maurin"]
[Black "Atoyan, Alberto"]
[Result "1-0"]
[WhiteTitle "FM"]
[BlackTitle "CM"]
[WhiteElo "2336"]
[BlackElo "2266"]
[WhiteFideId "16265696"]
[BlackFideId "13314831"]
[EventDate "2025.06.24"]

1. e4 c5 2. c3 g6 3. d4 cxd4 4. cxd4 Bg7 5. Nc3 d6 6. Bc4 Nf6 7. Nf3 O-O 8. O-O
Nc6 9. d5 Nb8 10. Re1 Bg4 11. h3 Bxf3 12. Qxf3 Nbd7 13. Bf1 a6 14. Be3 Rc8 15.
Rac1 b5 16. Bd4 Nb6 17. b3 Nfd7 18. Bxg7 Kxg7 19. Qe3 b4 20. Qd4+ Kg8 21. Qxb4
Nc5 22. Qd4 a5 23. Nb5 Nbd7 24. Na7 Ra8 25. Nc6 Qe8 26. e5 dxe5 27. Nxe5 Rc8 28.
Bb5 f6 29. Nxd7 Nxd7 30. Qa4 Rd8 31. Rc7 Nb6 32. Bxe8 Nxa4 33. Bxa4 1-0

[Event "Titled Tue 24th Jun Late"]
[Site "chess.com INT"]
[Date "2025.06.24"]
[Round "9"]
[White "Rozman, Levy"]
[Black "Khanbutaev, Artemii"]
[Result "1-0"]
[WhiteTitle "IM"]
[WhiteElo "2324"]
[BlackElo "2139"]
[WhiteFideId "2039877"]
[BlackFideId "55747175"]
[EventDate "2025.06.24"]

1. d4 Nf6 2. Bg5 e6 3. Nd2 d5 4. e3 Be7 5. c3 O-O 6. Bd3 b6 7. Bxf6 Bxf6 8. f4
Ba6 9. Qe2 Bxd3 10. Qxd3 c5 11. Ngf3 Nc6 12. h4 c4 13. Qc2 b5 14. Ng5 g6 15.
Ndf3 h6 16. Nxe6 fxe6 17. Qxg6+ Bg7 18. Qxe6+ Kh8 19. Qxc6 Re8 20. Kf2 Rb8 21.
a3 a5 22. Qg6 Qe7 23. Rae1 b4 24. axb4 axb4 25. Ne5 Rb7 26. Rh3 bxc3 27. bxc3
Rf8 28. Kg1 Rf6 29. Rg3 Qa3 30. Qg4 Qxc3 31. Qc8+ Kh7 32. Qxb7 Qxe1+ 33. Kh2 1-0

[Event "Titled Tue 24th Jun Late"]
[Site "chess.com INT"]
[Date "2025.06.24"]
[Round "9"]
[White "Milare, Tyron"]
[Black "Jimenez Salas, Maria Teresa"]
[Result "0-1"]
[WhiteTitle "FM"]
[BlackTitle "WIM"]
[WhiteElo "2248"]
[BlackElo "2170"]
[WhiteFideId "12987018"]
[BlackFideId "3843866"]
[EventDate "2025.06.24"]

1. d4 d5 2. Nf3 Nf6 3. g3 c6 4. Bg2 Bf5 5. O-O Nbd7 6. c4 e6 7. Qb3 Qb6 8. Ne5
Nxe5 9. dxe5 Nd7 10. Be3 Qxb3 11. axb3 a6 12. Nc3 Nxe5 13. Bd4 Nd7 14. cxd5 exd5
15. e4 dxe4 16. g4 Bxg4 17. Nxe4 O-O-O 18. Rfc1 Bf5 19. Ng5 Bg6 20. Bxc6 bxc6
21. Rxc6+ Kb7 22. Raxa6 Ra8 23. Rxa8 Kxa8 24. Rc7 Nf6 25. Ra7+ Kb8 26. Ra6 h6
27. Nf3 Nd7 28. Nd2 Bc5 29. Bxg7 Rg8 30. Bxh6 Bd3+ 31. Kh1 Bxa6 32. f3 Bb7 33.
h4 Bd6 34. Bg5 f6 35. Be3 Ne5 0-1

[Event "Titled Tue 24th Jun Late"]
[Site "chess.com INT"]
[Date "2025.06.24"]
[Round "9"]
[White "Ragger, Markus"]
[Black "Jumabayev, Rinat"]
[Result "1-0"]
[WhiteTitle "GM"]
[BlackTitle "GM"]
[WhiteElo "2566"]
[BlackElo "2546"]
[WhiteFideId "1610856"]
[BlackFideId "13702661"]
[EventDate "2025.06.24"]

1. e4 e6 2. d4 d5 3. Nd2 c5 4. Ngf3 cxd4 5. Nxd4 Nc6 6. Bb5 Bd7 7. Nxc6 bxc6 8.
Bd3 Bd6 9. Qe2 e5 10. c4 d4 11. c5 Bxc5 12. O-O Ne7 13. Nc4 Ng6 14. Qh5 Qe7 15.
f4 exf4 16. e5 Be6 17. Bxf4 Nxf4 18. Rxf4 g6 19. Qh6 O-O-O 20. Rc1 Bxc4 21. Rxc4
Qxe5 22. Re4 Qd6 23. Qc1 Bb6 24. Rxc6+ Kb8 25. Rxd6 Rxd6 26. Re7 Rhd8 27. Qf4 1-0

[Event "Titled Tue 24th Jun Late"]
[Site "chess.com INT"]
[Date "2025.06.24"]
[Round "9"]
[White "Sobek, Jaroslav"]
[Black "Mammadov, Sadig"]
[Result "0-1"]
[WhiteTitle "FM"]
[BlackTitle "IM"]
[WhiteElo "2195"]
[BlackElo "2395"]
[WhiteFideId "301388"]
[BlackFideId "13408712"]
[EventDate "2025.06.24"]

1. d4 d5 2. c4 c6 3. Nf3 Nf6 4. Nc3 e6 5. e3 Nbd7 6. Bd3 dxc4 7. Bxc4 b5 8. Bd3
Bd6 9. O-O O-O 10. Qc2 Bb7 11. Rd1 Qe7 12. a3 a6 13. Ne4 Nxe4 14. Bxe4 f5 15.
Bd3 c5 16. e4 c4 17. Be2 fxe4 18. Ne1 Bxh2+ 19. Kxh2 Qh4+ 20. Kg1 Qxf2+ 21. Kh1
Rf5 22. Qd2 Qh4+ 23. Kg1 Qf2+ 24. Kh1 Qh4+ 0-1

[Event "Titled Tue 24th Jun Late"]
[Site "chess.com INT"]
[Date "2025.06.24"]
[Round "9"]
[White "Cernov, Henrik"]
[Black "Nayak, Rajesh"]
[Result "0-1"]
[WhiteTitle "FM"]
[BlackTitle "FM"]
[WhiteElo "2325"]
[BlackElo "2262"]
[WhiteFideId "16258312"]
[BlackFideId "35017152"]
[EventDate "2025.06.24"]

1. e4 c5 2. Nf3 d6 3. d4 cxd4 4. Nxd4 Nf6 5. Nc3 g6 6. f4 Bg7 7. e5 Nfd7 8. e6
Nf6 9. Bb5+ Kf8 10. exf7 Kxf7 11. O-O e6 12. Qf3 Rf8 13. Be3 Kg8 14. Rad1 a6 15.
Bc4 d5 16. Bb3 Nc6 17. h3 Bd7 18. g4 Rc8 19. f5 Nxd4 20. Bxd4 exf5 21. Nxd5 Kh8
22. Bb6 fxg4 23. hxg4 Bxg4 24. Qg2 Qd6 25. Rd4 Nxd5 26. Rxd5 Qxb6+ 27. Kh1 Rxf1+
28. Qxf1 Rf8 29. Qd3 Bf3+ 30. Kh2 Bxd5 31. Qxd5 Qf2+ 32. Kh3 Rf3+ 33. Qxf3 Qxf3+ 0-1

[Event "Titled Tue 24th Jun Late"]
[Site "chess.com INT"]
[Date "2025.06.24"]
[Round "9"]
[White "Meruga, Shanmukha"]
[Black "Radionov, Timur"]
[Result "0-1"]
[BlackTitle "FM"]
[WhiteElo "1985"]
[BlackElo "2200"]
[WhiteFideId "30908183"]
[BlackFideId "34178772"]
[EventDate "2025.06.24"]

1. e4 c5 2. Nf3 Nc6 3. d4 cxd4 4. Nxd4 g6 5. Nxc6 bxc6 6. h4 h5 7. Bc4 Bg7 8. c3
d6 9. Nd2 Nf6 10. Qe2 O-O 11. e5 Ng4 12. Nf3 Nxe5 13. Nxe5 Bxe5 14. f4 Bg4 15.
Qf2 Bf6 16. Be3 d5 17. Be2 Qd7 18. Bd4 Bxd4 19. cxd4 Rab8 20. Bxg4 Qxg4 21. O-O
e6 22. b3 Rfc8 23. Rac1 Rb5 24. Rc3 Qf5 25. Rfc1 Qf6 26. Rxc6 Rxc6 27. Rxc6 Rb4
28. Rc7 Rxd4 29. Rxa7 Rxf4 30. Qg3 Qd4+ 0-1

[Event "Titled Tue 24th Jun Late"]
[Site "chess.com INT"]
[Date "2025.06.24"]
[Round "9"]
[White "Sitnic, Adnan"]
[Black "Duarte Cramer, Lily Jeanette"]
[Result "1-0"]
[WhiteTitle "CM"]
[BlackTitle "WCM"]
[WhiteElo "2058"]
[BlackElo "1828"]
[WhiteFideId "14403854"]
[BlackFideId "29620180"]
[EventDate "2025.06.24"]

1. e4 c5 2. f4 d6 3. Nf3 g6 4. a4 Bg7 5. c3 e6 6. d4 cxd4 7. cxd4 Ne7 8. Nc3
Nbc6 9. Be3 Bd7 10. Qd2 Rc8 11. Nb5 d5 12. Nd6+ Kf8 13. Nxc8 Bxc8 14. e5 Nf5 15.
Bb5 Qb6 16. O-O Bd7 17. Bxc6 Bxc6 18. a5 Qb5 19. b4 Nxe3 20. Qxe3 Qxb4 21. Rfb1
Qe7 22. a6 b6 23. Rc1 Be8 24. Rc8 Bh6 25. g3 Kg7 26. Qa3 Qxa3 27. Rxa3 Bb5 28.
Rxh8 Kxh8 29. Kf2 Bf8 30. Ra1 Kg7 31. Ke3 Bc4 32. Nd2 Bb5 33. Nb1 Bb4 34. Nd2
Bc3 35. Rc1 Ba5 36. Rc7 Bxa6 37. Rxa7 Bb5 38. Nb3 Bb4 39. Rb7 Bc4 40. Nd2 Bxd2+
41. Kxd2 b5 42. Kc3 h5 43. h4 Be2 44. Kb4 Bd3 45. Kc5 Bc4 46. Kd6 Bd3 47. Ke7
Bc4 48. Ke8 Kh6 49. Kxf7 Kh7 50. Kf6+ Kh6 51. Rg7 Bd3 52. Rb7 Bc4 53. Kxe6 b4
54. Rxb4 Bd3 55. Kf6 Be4 56. e6 Bf5 57. e7 Bd7 58. Rb7 Bc6 59. Rb8 Kh7 60. e8=Q
Bxe8 61. Rxe8 g5 62. hxg5 h4 63. g6+ Kh6 64. Rh8# 1-0

[Event "Titled Tue 24th Jun Late"]
[Site "chess.com INT"]
[Date "2025.06.24"]
[Round "9"]
[White "Paxtor Chiguichon, Rodolfo Enrique"]
[Black "Borges, Wagner da Silva"]
[Result "0-1"]
[WhiteTitle "CM"]
[BlackTitle "CM"]
[WhiteElo "2009"]
[BlackElo "2062"]
[WhiteFideId "7307012"]
[BlackFideId "2100401"]
[EventDate "2025.06.24"]

1. e4 e6 2. d4 d5 3. Nc3 Bb4 4. a3 Bxc3+ 5. bxc3 dxe4 6. Qg4 Nf6 7. Qxg7 Rg8 8.
Qh6 Rg6 9. Qe3 c5 10. Bb2 Nc6 11. Ne2 Qa5 12. dxc5 Bd7 13. Ng3 O-O-O 14. Be2 e5
15. O-O Qa4 16. c4 Nd4 17. Bxd4 exd4 18. Qxd4 Bc6 19. Qe3 Qxc2 20. Rfd1 Rdg8 21.
Rac1 Qa4 22. h3 h5 23. h4 Ng4 24. Qf4 Nxf2 25. Kxf2 Qxa3 26. Qf5+ Kb8 27. Qe5+
Ka8 28. Bxh5 Rxg3 29. Rd8+ Rxd8 30. Qxg3 Qxc1 31. Qc7 Qd2+ 32. Be2 0-1

[Event "Titled Tue 24th Jun Late"]
[Site "chess.com INT"]
[Date "2025.06.24"]
[Round "9"]
[White "Romany, Joy"]
[Black "Gruzman, Ilya"]
[Result "1/2-1/2"]
[WhiteTitle "WIM"]
[BlackTitle "CM"]
[WhiteElo "1960"]
[BlackElo "2165"]
[WhiteFideId "10656820"]
[BlackFideId "2812703"]
[EventDate "2025.06.24"]

1. d4 d5 2. c4 c6 3. Nf3 Nf6 4. Nc3 e6 5. e3 Nbd7 6. Qc2 Bd6 7. b3 O-O 8. Be2 b6
9. O-O Bb7 10. Bb2 Qe7 11. a3 Rfe8 12. b4 Rad8 13. c5 Bc7 14. a4 e5 15. dxe5
Nxe5 16. cxb6 axb6 17. a5 Qd6 18. g3 c5 19. Nb5 Nxf3+ 20. Bxf3 Qc6 21. Nxc7 Qxc7
22. axb6 Qxb6 23. Qxc5 Qxc5 24. bxc5 Ne4 25. Bxe4 Rxe4 26. Bd4 h5 27. h4 Re6 28.
Rfb1 Bc6 29. Rb6 Rc8 30. Ra7 Rg6 31. Rba6 Re6 32. Rb6 Rg6 33. Kf1 Re6 34. Ke2
Rg6 35. Kd2 Re6 36. Kc3 Rg6 37. Kb4 Re6 38. Kb3 Rg6 39. Kb2 Re6 40. Ra3 Kh7 41.
Rab3 Kg6 42. Rb8 Rxb8 43. Rxb8 f6 44. Rb6 Kf5 45. Kc3 g5 46. hxg5 fxg5 47. Rb8
h4 48. gxh4 gxh4 49. Rh8 Kg5 50. f4+ Kg4 51. f5 Kxf5 52. Rxh4 Re4 53. Rxe4 Kxe4
54. Kb4 Kf5 55. Ka5 Ke6 56. Kb6 Kd7 1/2-1/2

[Event "Titled Tue 24th Jun Late"]
[Site "chess.com INT"]
[Date "2025.06.24"]
[Round "9"]
[White "Linares Orellana, Hector Jose"]
[Black "Tao, Sihan"]
[Result "0-1"]
[WhiteTitle "FM"]
[BlackTitle "FM"]
[WhiteElo "2111"]
[BlackElo "2202"]
[WhiteFideId "7304307"]
[BlackFideId "30982677"]
[EventDate "2025.06.24"]

1. d4 Nf6 2. c4 e6 3. Nc3 Bb4 4. e3 O-O 5. Ne2 a5 6. a3 Be7 7. Ng3 d6 8. Bd3 e5
9. O-O b6 10. f4 exd4 11. exd4 Bb7 12. Qc2 d5 13. cxd5 h6 14. Bd2 Nxd5 15. Nf5
Nxc3 16. Nxe7+ Qxe7 17. bxc3 Nd7 18. Rae1 Qd6 19. a4 Rfe8 20. Be4 Bxe4 21. Rxe4
Rxe4 22. Qxe4 Rd8 23. Re1 Nf6 24. Qf5 Qd7 25. Qxd7 Rxd7 26. Kf2 Kf8 27. Kf3 Re7
28. Re5 Ne8 29. c4 Nd6 30. c5 Nc4 31. Rxe7 Nxd2+ 32. Ke2 Kxe7 33. Kxd2 bxc5 34.
dxc5 Ke6 35. g4 Kd5 36. Kd3 Kxc5 37. g5 hxg5 38. fxg5 Kb4 39. h4 g6 40. Ke4 c5
41. Ke5 c4 42. Kf6 c3 43. Kxf7 c2 44. Kxg6 c1=Q 45. h5 Qc2+ 46. Kg7 Qc3+ 47. Kh7
Qd3+ 48. g6 Qf5 49. h6 Kxa4 50. Kg7 Qd7+ 51. Kh8 Qe8+ 52. Kh7 Kb4 53. g7 Qe4+
54. Kh8 Qg6 55. h7 Qf6 56. Kg8 Qe6+ 57. Kh8 Qe5 0-1

[Event "Titled Tue 24th Jun Late"]
[Site "chess.com INT"]
[Date "2025.06.24"]
[Round "9"]
[White "Eswaran, Ashritha"]
[Black "Kozionov, Kirill"]
[Result "1-0"]
[WhiteTitle "FM"]
[BlackTitle "IM"]
[WhiteElo "2236"]
[BlackElo "2442"]
[WhiteFideId "2080788"]
[BlackFideId "24101729"]
[EventDate "2025.06.24"]

1. e4 c5 2. Nf3 d6 3. Nc3 g6 4. Bb5+ Nd7 5. e5 Bg7 6. e6 fxe6 7. Ng5 Qb6 8. Nxe6
Bxc3 9. bxc3 Nf6 10. Rb1 Qa5 11. O-O Kf7 12. Re1 Ne5 13. d4 Bxe6 14. dxe5 dxe5
15. Rxe5 Rad8 16. Qe1 Qxa2 17. Rb2 Qd5 18. Rxd5 Bxd5 19. c4 Be6 20. Bg5 a6 21.
Ba4 Ne4 22. Be3 Nd6 23. Rb1 Nxc4 24. Bxc5 b5 25. Bb3 Rd5 26. Be3 Rhd8 27. h3 Re5
28. Qc3 Red5 29. Kh2 Rc8 30. Bh6 Ke8 31. Qh8+ Kd7 32. Qxh7 Rh5 33. Qxg6 Rcc5 34.
Rd1+ Rhd5 35. Rxd5+ Bxd5 36. Qf5+ e6 37. Qf7+ Kc6 38. Bf8 a5 39. Qe8+ Kb6 40.
Qb8+ Kc6 41. Bxc5 Kxc5 42. Qa7+ Kb4 43. h4 a4 44. Bxc4 Bxc4 45. h5 a3 46. h6 a2
47. h7 Bb3 48. cxb3 Kc3 49. h8=Q+ Kc2 50. Qa1 b4 51. Q7xa2+ Kd3 52. Qd1+ Ke4 53.
Qae2+ Kf5 54. Qg4+ Kf6 55. Qdd4+ Ke7 56. Qgg7+ Ke8 57. Qdd7# 1-0